Combinatorial Designs (Record no. 60795)
[ view plain ]
| 000 -LEADER | |
|---|---|
| fixed length control field | 00490nam a22001817a 4500 |
| 005 - DATE & TIME | |
| control field | 20260514123938.0 |
| 008 - FIXED-LENGTH DATA ELEMENTS--GENERAL INFORMATION | |
| fixed length control field | 260514b |||||||| |||| 00| 0 eng d |
| 020 ## - ISBN | |
| International Standard Book Number | 9781493991082 |
| Price | 947.27 |
| 040 ## - CATALOGING SOURCE | |
| Original cataloging agency | Doon University |
| 041 ## - Language | |
| Language | English |
| 082 ## - DDC NUMBER | |
| Classification number | 511.6 |
| Book Number | STI |
| 100 ## - MAIN ENTRY--PERSONAL NAME | |
| Personal name | Stinson, Douglas R. |
| 245 ## - TITLE STATEMENT | |
| Title | Combinatorial Designs |
| Sub Title | : Constructions and Analysis |
| 260 ## - PUBLICATION, DISTRIBUTION, ETC. (IMPRINT) | |
| Place of publication, distribution, etc | New York |
| Name of publisher, distributor, etc | Springer |
| Date of publication, distribution, etc | 2004 |
| 300 ## - PHYSICAL DESCRIPTION | |
| Pages | 300 |
| 650 ## - Subject | |
| Subject | Computer Science (PM (USHA) |
| 942 ## - ADDED ENTRY ELEMENTS (KOHA) | |
| Koha item type | Books |
| 100 ## - MAIN ENTRY--PERSONAL NAME | |
| -- | 26823 |
| 650 ## - Subject | |
| -- | 26808 |
| 952 ## - LOCATION AND ITEM INFORMATION (KOHA) | |
| -- | 2026-05-14 |
| Withdrawn status | Lost status | Source of classification or shelving scheme | Damaged status | Not for loan | Location (home branch) | Sublocation or collection (holding branch) | Date acquired | Koha issues (times borrowed) | Koha full call number | Accession No. | Koha date last seen | Koha item type |
|---|---|---|---|---|---|---|---|---|---|---|---|---|
| Not For Loan | Doon University | Doon University | 14.05.2026 | 511.6 STI | 33153 | 14.05.2026 | Reference |